Sandro Penna : una biografia /
Uloženo v:
| Hlavní autor: | |
|---|---|
| Médium: | Kniha |
| Jazyk: | italština |
| Vydáno: |
[Milano] :
Frassinelli,
c1990
|
| Témata: | |
| Tagy: |
Žádné tagy, Buďte první, kdo vytvoří štítek k tomuto záznamu!
|
MARC
| LEADER | 00000nam a22000007i 4500 | ||
|---|---|---|---|
| 001 | IT\ICCU\VEA\0003550 | ||
| 003 | ItRI | ||
| 005 | 20260115231926.0 | ||
| 008 | 901018s1990 it |||||| ||||| |||||c | ||
| 020 | |a 8876841652 | ||
| 040 | |b ita |c importazione bologna sebina | ||
| 041 | 7 | |a ita |2 ISO-639-2 | |
| 082 | |a 851.912 |9 POESIA ITALIANA. 1900-1945 |2 20 | ||
| 100 | 1 | |a Pecora, Elio |0 IT\ICCU\CFIV\037738 |4 aut | |
| 245 | 1 | 0 | |a Sandro Penna : |b una biografia / |c Elio Pecora. |
| 260 | |a [Milano] : |b Frassinelli, |c c1990 | ||
| 300 | |a 238 p., [8] p. di tav. : |b ill. ; |c 21 cm. | ||
| 650 | 7 | |a Penna, Sandro | |
| 942 | |2 ddc |c BK |n 0 | ||
| 952 | |0 0 |1 0 |4 0 |6 DOC_851_914000000000000_PEC |7 0 |9 16728 |a BO |b BO |d 2026-01-15 |i 2494 |l 0 |o DOC 851.914 PEC |p BO2494 |r 2026-01-15 23:19:26 |w 2026-01-15 |x [Sebina 5] [1 v.] |y BK |z 1 v. | ||
| 952 | |0 0 |1 0 |4 0 |6 DOC_851_914000000000000_PEC |7 0 |9 16729 |a BO |b BO |d 2026-01-15 |i 3286 |l 0 |o DOC 851.914 PEC |p BO3286 |r 2026-01-15 23:19:26 |w 2026-01-15 |x [Sebina 5] [1 v.] |y BK |z 1 v. | ||
| 999 | |c 14298 |d 14298 | ||